सामंती समाज* परतंत्रता के बंधनों का विकास, कृष्णकान्त मिश्र अनु (Record no. 296076)

MARC details
000 -LEADER
fixed length control field 01168nam a2200253Ia 4500
003 - CONTROL NUMBER IDENTIFIER
control field OSt
005 - DATE AND TIME OF LATEST TRANSACTION
control field 20220923211145.0
008 - FIXED-LENGTH DATA ELEMENTS--GENERAL INFORMATION
fixed length control field 220922b |||||||| |||| 00| 0 hin d
020 ## - INTERNATIONAL STANDARD BOOK NUMBER
International Standard Book Number 8186684980 (hbk (Set))
037 ## - SOURCE OF ACQUISITION
Terms of availability Textual
040 ## - CATALOGING SOURCE
Original cataloging agency ARTS
Transcribing agency ARTS
Language of cataloging hin
041 ## - LANGUAGE CODE
Source of code hin
Language code of text/sound track or separate title hin
100 ## - MAIN ENTRY--PERSONAL NAME
Personal name ब्लाख, मार्क; मिश्र, कृष्णकान्त, अनु.
9 (RLIN) 158870
245 #0 - TITLE STATEMENT
Title सामंती समाज* परतंत्रता के बंधनों का विकास, कृष्णकान्त मिश्र अनु
246 ## - VARYING FORM OF TITLE
Title proper/short title Sāhintī samāja: paratantratā ke bandhanoan kā vikāsa, kṛuṣhṇakānta mishra anu0
260 ## - PUBLICATION, DISTRIBUTION, ETC.
Place of publication, distribution, etc. नयी दिल्ली
Name of publisher, distributor, etc. ग्रंथ शिल्पी
Date of publication, distribution, etc. 2002
490 ## - SERIES STATEMENT
Volume/sequential designation भाग 1
942 ## - ADDED ENTRY ELEMENTS (KOHA)
Classification part W3v1, 152P2.1-.2
Koha item type Textual
Source of classification or shelving scheme Colon Classification (CC)
Holdings
Withdrawn status Lost status Damaged status Not for loan Home library Current library Date acquired Source of acquisition Cost, normal purchase price Serial Enumeration / chronology Total Checkouts Full call number Barcode Date last seen Cost, replacement price Price effective from Koha item type
        Arts Library Arts Library 2022-09-23 368, 11/02/2011, Swaraj Prakashan 950.00 भाग 1   W3v1 152P2.1-.2 AL1296423 2022-09-23 950.00 2022-09-23 Textual
Copyright @ Delhi University Library System